Simplified nursing research & statistics for undergraduates : (Record no. 24696)
[ view plain ]
| 000 -LEADER | |
|---|---|
| fixed length control field | 01094nam a22002775a 4500 |
| 005 - DATE AND TIME OF LATEST TRANSACTION | |
| control field | 20170502102049.0 |
| 006 - FIXED-LENGTH DATA ELEMENTS--ADDITIONAL MATERIAL CHARACTERISTICS--GENERAL INFORMATION | |
| fixed length control field | a||||fr|||| 000 0 |
| 008 - FIXED-LENGTH DATA ELEMENTS--GENERAL INFORMATION | |
| fixed length control field | 170424s2016 ii a fr 001 0 eng d |
| 020 ## - INTERNATIONAL STANDARD BOOK NUMBER | |
| International Standard Book Number | 9788123928067 |
| 040 ## - CATALOGING SOURCE | |
| Original cataloging agency | EG-ScBUE |
| Language of cataloging | eng |
| Transcribing agency | EG-ScBUE |
| Modifying agency | EG-ScBUE |
| 082 04 - DEWEY DECIMAL CLASSIFICATION NUMBER | |
| Classification number | 610.73072 |
| Item number | KAU |
| Edition number | 22 |
| 100 1# - MAIN ENTRY--PERSONAL NAME | |
| Personal name | Kaur, Sukhpal. |
| 245 10 - TITLE STATEMENT | |
| Title | Simplified nursing research & statistics for undergraduates : |
| Remainder of title | as per the syllabus of INC for BSc (N) four years & BSc (N) post bsic / |
| Statement of responsibility, etc | Sukhpal Kaur, Amarjeet Singh. |
| 260 ## - PUBLICATION, DISTRIBUTION, ETC. (IMPRINT) | |
| Place of publication, distribution, etc | New Delhi : |
| Name of publisher, distributor, etc | CBS Publishers & Distributors Pvt Ltd., |
| Date of publication, distribution, etc | 2016. |
| 300 ## - PHYSICAL DESCRIPTION | |
| Extent | xxxi, 307 p. : |
| Other physical details | ill. ; |
| Dimensions | 28 cm. + |
| Accompanying material | handbook |
| 490 0# - Series Statement | |
| Series statement | CBS nursing knowledge tree |
| 500 ## - GENERAL NOTE | |
| General note | Index : p. 301-307. |
| 500 ## - GENERAL NOTE | |
| General note | Includes workbook on nursing research for undergraduates. |
| 650 #7 - SUBJECT ADDED ENTRY--TOPICAL TERM | |
| Source of heading or term | BUEsh |
| 9 (RLIN) | 36305 |
| Topical term or geographic name as entry element | Nursing |
| General subdivision | Research |
| -- | Methodology. |
| 650 #7 - SUBJECT ADDED ENTRY--TOPICAL TERM | |
| Source of heading or term | BUEsh |
| 9 (RLIN) | 36302 |
| Topical term or geographic name as entry element | Nursing |
| General subdivision | Research |
| -- | Statistical methods. |
| 650 #7 - SUBJECT ADDED ENTRY--TOPICAL TERM | |
| Topical term or geographic name as entry element | Nursing |
| General subdivision | Study and teaching (Associate degree) |
| Source of heading or term | BUEsh |
| 651 ## - SUBJECT ADDED ENTRY--GEOGRAPHIC NAME | |
| Source of heading or term | BUEsh |
| 653 ## - INDEX TERM--UNCONTROLLED | |
| Resource For college | Nursing |
| Arrived date list | April2017 |
| 700 1# - ADDED ENTRY--PERSONAL NAME | |
| Personal name | Singh, Amarjeet. |
| 942 ## - ADDED ENTRY ELEMENTS (KOHA) | |
| Source of classification or shelving scheme | Dewey Decimal Classification |
| Withdrawn status | Item status | Source of classification or shelving scheme | Damaged status | Not for loan | Vendor | Home library | Current library | Shelving location | Date acquired | Source of acquisition | Cost, normal purchase price | Serial Enumeration / chronology | Total Checkouts | Total Renewals | Full call number | Barcode | Date last seen | Date last borrowed | Cost, replacement price | Koha item type | Checked out | Materials specified (bound volume or other part) | Public note |
|---|---|---|---|---|---|---|---|---|---|---|---|---|---|---|---|---|---|---|---|---|---|---|---|
| Dewey Decimal Classification | ايمك | Central Library | Central Library | First floor | 24/04/2017 | Purchase | 288.00 | 3673 | 4 | 53 | 610.73072 KAU | 000041682 | 01/12/2025 | 24/11/2021 | 360.00 | Book - Borrowing | |||||||
| Dewey Decimal Classification | ايمك | Central Library | Central Library | First floor | 24/04/2017 | Purchase | 288.00 | 3673 | 8 | 69 | 610.73072 KAU | 000041683 | 16/12/2020 | 16/12/2020 | 360.00 | Book - Borrowing | 16/04/2024 | ||||||
| Lost | Dewey Decimal Classification | ايمك | Central Library | Central Library | First floor | 02/05/2017 | Purchase | 610.73072 KAU | 000046041 | 06/09/2017 | Book - Borrowing | Lost In Inventory_2018-08-12 | Workbook | ||||||||||
| Dewey Decimal Classification | ايمك | Central Library | Central Library | First floor | 02/05/2017 | Purchase | 1 | 4 | 610.73072 KAU | 000046042 | 01/12/2025 | 04/10/2017 | Book - Borrowing | Workbook |